Iskolakultúra. - 9. évf. (1999) 9. sz.
Elmentve itt :
| Dokumentumtípus: | Folyóirat |
|---|---|
| Megjelent: |
1999
|
| Sorozat: | Iskolakultúra
9 No. 9 |
| Online Access: | http://misc.bibl.u-szeged.hu/45252 |
| LEADER | 00475nas a2200145 i 4500 | ||
|---|---|---|---|
| 001 | misc45252 | ||
| 005 | 20191106140926.0 | ||
| 008 | 180828s1999 hu o 0|| zxx d | ||
| 022 | |a 1215-5233 | ||
| 040 | |a SZTE Miscellanea Repozitórium |b hun | ||
| 041 | |a zxx | ||
| 245 | 0 | 0 | |a Iskolakultúra. - 9. évf. (1999) 9. sz. |h [elektronikus dokumentum] |
| 260 | |c 1999 | ||
| 490 | 0 | |a Iskolakultúra |v 9 No. 9 | |
| 856 | 4 | 0 | |u http://misc.bibl.u-szeged.hu/45252/1/iskolakultura_1999_009.pdf |z Dokumentum-elérés |